[Event "e2e4 Diamond Jubilee Premier"]
[Site "London ENG"]
[Date "2012.06.04"]
[Round "5.42"]
[White "Gupta, Arul"]
[Black "Phillips, Owen S"]
[Result "1-0"]
[WhiteElo "1697"]
[BlackElo "1959"]
[WhiteFideId "422622"]
[BlackFideId "417882"]
[EventDate "2012.06.02"]

1. e4 g6 2. Nf3 Bg7 3. d4 c5 4. c3 cxd4 5. cxd4 d6 6. Bb5+ Bd7 7. Bxd7+ Nxd7 8.
Nc3 Ngf6 9. O-O O-O 10. Bg5 h6 11. Bh4 g5 12. Bg3 Nh5 13. Qd2 Nxg3 14. hxg3 e6
15. Rfe1 a6 16. Rad1 b5 17. Nh2 Nb6 18. b3 e5 19. dxe5 dxe5 20. Qe3 Qf6 21. Nd5
Nxd5 22. Rxd5 Rfd8 23. Red1 Rxd5 24. Rxd5 Rc8 25. Qd2 Qb6 26. Ng4 f6 27. Ne3 Bf8
28. Nf5 Qc6 29. Rd8 Qc1+ 30. Qxc1 Rxc1+ 31. Kh2 Rc2 32. Nxh6+ Kg7 33. Nf5+ Kf7
34. a4 bxa4 35. bxa4 Ra2 36. f3 Rxa4 37. Rd7+ Ke8 38. Rc7 Ra2 39. Rc8+ Kf7 40.
Rc7+ Kg8 41. Rc6 a5 42. Rxf6 a4 43. Re6 Bb4 44. Rxe5 a3 45. Re8+ Kf7 46. Ra8 g4
47. Nh6+ Ke7 48. Ra7+ Kd6 49. Nxg4 Kc6 50. e5 Ra1 51. Nf6 Bc5 52. Ra4 Kb5 53.
Ra8 a2 54. e6 Bg1+ 55. Kh3 Bc5 56. Nd5 Rh1+ 57. Kg4 a1=Q 58. Rxa1 Rxa1 59. e7
Bxe7 60. Nxe7 Kc5 61. Nf5 Ra4+ 62. Kg5 Ra2 63. Nh4 Kd6 64. f4 Ke7 65. f5 Kf7 66.
g4 Rf2 67. Kh5 Rf1 68. g5 Rh1 69. Kg4 Rb1 70. Ng6 Rb2 71. g3 Rb4+ 72. Nf4 Rb1
73. g6+ Kg7 74. Nh5+ Kh6 75. g7 Rb4+ 76. Kf3 Rb8 77. f6 Kg6 78. g4 Ra8 79. Kf4
Ra4+ 80. Ke5 Ra5+ 81. Kd6 Ra8 82. Kc7 Kf7 83. Kb7 Rd8 84. g5 Rg8 85. Kc6 Rc8+
86. Kd7 Ra8 87. Kd6 Ra6+ 88. Ke5 Ra5+ 89. Kf4 Ra4+ 90. Kf5 Ra5+ 91. Kg4 Ra4+ 92.
Nf4 Ra8 93. Kh5 Kg8 94. Nd5 Kf7 1-0

[Event "e2e4 Diamond Jubilee Premier"]
[Site "London ENG"]
[Date "2012.06.04"]
[Round "5.43"]
[White "Collins, Andrew"]
[Black "Jensen, Soren2"]
[Result "1/2-1/2"]
[WhiteElo "1685"]
[BlackElo "1876"]
[WhiteFideId "425907"]
[BlackFideId "1409999"]
[EventDate "2012.06.02"]

1. e4 c6 2. d4 d5 3. e5 Bf5 4. Nf3 e6 5. Be2 c5 6. Be3 cxd4 7. Nxd4 Ne7 8. O-O
Nbc6 9. Bb5 Qc7 10. Bxc6+ bxc6 11. f4 c5 12. Nb5 Qb6 13. Nd6+ Kd7 14. Nd2 Bg6
15. Nb3 Nf5 16. Bxc5 Qc6 17. Ne4 Kc7 18. Nd6 Bxd6 19. exd6+ Nxd6 20. Qd4 a5 21.
Bxd6+ Kxd6 22. Qe5+ Kd7 23. f5 f6 24. Qe2 Bf7 25. fxe6+ Qxe6 26. Rfe1 Qxe2 27.
Rxe2 Kd6 28. Nd4 Kc5 29. c3 Rab8 30. Re7 Bg6 31. Rxg7 Rxb2 32. Nb3+ Kc4 33.
Nxa5+ Kxc3 34. Nc6 Re8 35. Ne7 Be4 36. Rg3+ Kc4 37. Ng8 Rf8 38. Nh6 d4 39. Ng4
Bd5 40. Rc1+ Kb5 41. Rd1 f5 42. Nh6 Rf6 43. Rxd4 Rb1+ 44. Kf2 Rb2+ 45. Kg1 Rb1+
46. Kf2 Rb2+ 1/2-1/2

[Event "e2e4 Diamond Jubilee Premier"]
[Site "London ENG"]
[Date "2012.06.05"]
[Round "6.1"]
[White "Sumets, Andrey"]
[Black "Vovk, Yuri"]
[Result "1/2-1/2"]
[WhiteTitle "GM"]
[BlackTitle "GM"]
[WhiteElo "2599"]
[BlackElo "2562"]
[WhiteFideId "14105500"]
[BlackFideId "14113171"]
[EventDate "2012.06.02"]

1. e4 c6 2. d4 d5 3. Nc3 dxe4 4. Nxe4 Bf5 5. Ng3 Bg6 6. h4 h6 7. Nf3 Nd7 8. h5
Bh7 9. Bd3 Bxd3 10. Qxd3 e6 11. Bd2 Ngf6 12. O-O-O Be7 13. Qe2 O-O 14. Nf1 c5
15. g4 cxd4 16. g5 Nd5 17. gxh6 Qb6 18. Rg1 Ba3 19. Rxg7+ Kh8 20. bxa3 Nc3 21.
Bxc3 dxc3 22. Rh7+ Kg8 23. Rg7+ Kh8 24. Rh7+ Kg8 25. Rg7+ Kh8 1/2-1/2

[Event "e2e4 Diamond Jubilee Premier"]
[Site "London ENG"]
[Date "2012.06.05"]
[Round "6.2"]
[White "Buckley, Graeme N"]
[Black "Hebden, Mark L"]
[Result "0-1"]
[WhiteTitle "IM"]
[BlackTitle "GM"]
[WhiteElo "2363"]
[BlackElo "2512"]
[WhiteFideId "402265"]
[BlackFideId "400084"]
[EventDate "2012.06.02"]

1. d4 Nf6 2. Nf3 g6 3. Bg5 Bg7 4. Nbd2 O-O 5. c3 d6 6. e4 Nbd7 7. Be2 e5 8. dxe5
dxe5 9. O-O h6 10. Bh4 Qe8 11. Re1 Nh5 12. b4 Bf6 13. Bg3 Nxg3 14. hxg3 Qe7 15.
Nc4 Nb6 16. Na5 c5 17. a3 Be6 18. Qd2 c4 19. Qxh6 Rac8 20. Qe3 Rc7 21. a4 Rd8
22. Red1 Rxd1+ 23. Bxd1 Nc8 24. b5 Nb6 25. Be2 Qf8 26. Nh2 Rd7 27. Bg4 Rd3 28.
Qc1 Bxg4 29. Nxg4 Bg7 30. Qg5 Qc8 31. Ne3 Qc7 32. Rc1 Bf8 33. Kh2 Be7 34. Qg4
Bc5 35. Nf5 Kf8 36. Nh4 Bxf2 37. Nxg6+ fxg6 38. Rf1 Qh7+ 39. Qh3 Qf7 40. Qh8+
Ke7 41. Qxe5+ Kd7 42. Rxf2 Qxf2 43. Nxb7 Nxa4 44. Na5 Qf7 45. Qb8 Qh7+ 46. Kg1
Rd1+ 47. Kf2 Qf7+ 0-1

[Event "e2e4 Diamond Jubilee Premier"]
[Site "London ENG"]
[Date "2012.06.05"]
[Round "6.4"]
[White "Eggleston, David J"]
[Black "Rausis, Igor"]
[Result "1-0"]
[WhiteTitle "FM"]
[BlackTitle "GM"]
[WhiteElo "2327"]
[BlackElo "2514"]
[WhiteFideId "412120"]
[BlackFideId "11600098"]
[EventDate "2012.06.02"]

1. e4 d5 2. exd5 Qxd5 3. Nf3 Bg4 4. Be2 Nc6 5. d4 O-O-O 6. Be3 Nh6 7. Nbd2 e6 8.
c3 Nf5 9. O-O Nxe3 10. fxe3 f6 11. Bc4 Qd7 12. b4 Ne7 13. Nb3 Nd5 14. Qd3 Nb6
15. Nfd2 Bf5 16. e4 Nxc4 17. Nxc4 Bg6 18. Nca5 Kb8 19. b5 Ka8 20. Rfe1 e5 21.
Qc4 exd4 22. cxd4 Bf7 23. d5 Qd6 24. Rac1 Qb6+ 25. Kh1 Bd6 26. a4 Rhe8 27. Qf1
a6 28. Nc4 Qa7 29. b6 cxb6 30. e5 Bb4 31. e6 Bh5 32. Qg1 Bxe1 33. Rxe1 a5 34. d6
Qa6 35. Nxb6+ Kb8 36. Nc5 1-0

[Event "e2e4 Diamond Jubilee Premier"]
[Site "London ENG"]
[Date "2012.06.05"]
[Round "6.6"]
[White "Zhou, Yang-Fan"]
[Black "Rudd, Jack"]
[Result "0-1"]
[WhiteTitle "IM"]
[BlackTitle "IM"]
[WhiteElo "2438"]
[BlackElo "2305"]
[WhiteFideId "468584"]
[BlackFideId "405736"]
[EventDate "2012.06.02"]

1. e4 e5 2. Nf3 Nc6 3. d4 exd4 4. Nxd4 Nf6 5. Nxc6 bxc6 6. e5 Qe7 7. Qe2 Nd5 8.
c4 Ba6 9. Nd2 O-O-O 10. b3 f6 11. Bb2 fxe5 12. O-O-O Re8 13. Re1 Qf7 14. Qf3 Nf6
15. Rxe5 Rxe5 16. Bxe5 Ba3+ 17. Kc2 Re8 18. Bxf6 gxf6 19. Bd3 Re5 20. Ne4 Qe7
21. Rd1 Re6 22. Nc3 Re1 23. Bf5 Rxd1 24. Qxd1 Bd6 25. Qe2 Qf8 26. Qe4 Kd8 27.
Bxh7 Be5 28. f4 d5 29. cxd5 Bxc3 30. Kxc3 Qc5+ 31. Kb2 cxd5 32. Qc2 Qd4+ 33. Ka3
c5 34. g4 c4 35. g5 Qc5+ 36. Kb2 fxg5 37. fxg5 d4 38. Qf5 c3+ 39. Kb1 Qd6 40.
Qf6+ Qxf6 41. gxf6 d3 42. Kc1 d2+ 43. Kd1 Ke8 44. Bg6+ Kf8 45. a4 Bf1 46. a5 a6
47. Bh5 Bd3 48. b4 Kg8 49. Be2 c2+ 50. Kxd2 Bxe2 51. Kxc2 Kf7 52. Kd2 Bb5 53.
Kc3 Kxf6 54. h4 Kg6 55. Kb2 Kh5 56. Kc3 Kxh4 57. Kd4 Kg4 58. Ke3 Kf5 59. Kd4 Kf4
60. Kc3 Ke3 61. Kc2 Kd4 62. Kb2 Kd3 63. Kb3 Bc4+ 64. Kb2 Kd2 65. Kb1 Kc3 66. Kc1
Be2 67. Kb1 Bd3+ 68. Ka2 Bc2 69. Ka1 Kb3 70. b5 axb5 71. a6 Be4 72. a7 b4 0-1

[Event "e2e4 Diamond Jubilee Premier"]
[Site "London ENG"]
[Date "2012.06.05"]
[Round "6.7"]
[White "Collins, Sam E."]
[Black "Jackson, James P"]
[Result "1/2-1/2"]
[WhiteTitle "IM"]
[WhiteElo "2428"]
[BlackElo "2121"]
[WhiteFideId "2501198"]
[BlackFideId "416860"]
[EventDate "2012.06.02"]

1. e4 c5 2. Nf3 Nc6 3. c3 Nf6 4. e5 Nd5 5. Bc4 Nb6 6. Bb3 d5 7. exd6 Qxd6 8. Na3
Be6 9. d4 cxd4 10. Nb5 Qd7 11. Nbxd4 Nxd4 12. Nxd4 Bd5 13. O-O e6 14. a4 Bc5 15.
a5 Bxd4 16. Qxd4 Bxb3 17. Qxg7 O-O-O 18. axb6 a6 19. Bf4 Qc6 20. Qe5 Qxb6 21. c4
f6 22. Qxf6 Rhf8 23. Qe5 Rf5 24. Qe3 Qxe3 25. Bxe3 Kd7 26. Rfc1 Kc6 27. Kf1 a5
28. Ke2 a4 29. Rc3 Rh5 30. h4 Rxh4 31. Bg5 Re4+ 32. Kf3 Rdd4 33. Rac1 Rxc4 34.
Rxc4+ Rxc4 35. Rxc4+ Bxc4 36. Ke4 1/2-1/2

[Event "e2e4 Diamond Jubilee Premier"]
[Site "London ENG"]
[Date "2012.06.05"]
[Round "6.8"]
[White "Longson, Alexander"]
[Black "Sarakauskas, Gediminas"]
[Result "1/2-1/2"]
[BlackTitle "IM"]
[WhiteElo "2274"]
[BlackElo "2403"]
[WhiteFideId "408093"]
[BlackFideId "12800724"]
[EventDate "2012.06.02"]

1. e4 c5 2. Nf3 Nc6 3. Bb5 g6 4. O-O Bg7 5. c3 Nf6 6. Re1 O-O 7. e5 Nd5 8. d4
cxd4 9. cxd4 d6 10. Nc3 dxe5 11. Bxc6 bxc6 12. Nxe5 Nxc3 13. bxc3 Be6 14. Nxc6
Qc7 15. d5 Bxc3 16. Bh6 Bxe1 17. Qxe1 Rfc8 18. Rc1 Qd6 19. Qc3 f6 20. dxe6 Rc7
21. Qc5 Qxe6 22. Bf4 Rd7 23. a4 Kg7 24. h3 Rc8 25. Nd4 Rxd4 26. Qxd4 Rxc1+ 27.
Bxc1 Qe1+ 28. Kh2 Qxc1 29. Qxa7 Qf4+ 30. g3 Qe5 31. a5 h5 32. a6 h4 33. Qe3
hxg3+ 34. Qxg3 Qa5 35. Qd3 Qe5+ 36. Qg3 Qa5 37. Qd3 Qe5+ 38. Kg2 Qg5+ 39. Kf1
Qc1+ 40. Ke2 Qc5 41. Ke1 1/2-1/2

[Event "e2e4 Diamond Jubilee Premier"]
[Site "London ENG"]
[Date "2012.06.05"]
[Round "6.9"]
[White "Duport, Nicolas"]
[Black "Sipila, Vilka"]
[Result "1-0"]
[BlackTitle "FM"]
[WhiteElo "2214"]
[BlackElo "2393"]
[WhiteFideId "1314424"]
[BlackFideId "505455"]
[EventDate "2012.06.02"]

1. e4 e5 2. Nf3 Nc6 3. Bb5 Nf6 4. O-O Bc5 5. Nxe5 Nxe5 6. d4 a6 7. Be2 Be7 8.
dxe5 Nxe4 9. Bc4 O-O 10. Be3 c6 11. Nd2 d5 12. Nxe4 dxc4 13. Nd6 Be6 14. Nxb7
Qb8 15. Nc5 Rd8 16. Qe2 Bd5 17. b3 Qxe5 18. Na4 Qe6 19. Nb6 Bc5 20. Rfe1 Bxe3
21. Nxa8 Bd4 22. Qxe6 fxe6 23. Rad1 Bc3 24. Re3 cxb3 25. axb3 Ba5 26. Ra1 Bd2
27. Rd3 Rxa8 28. Rxd2 Kf7 29. f3 e5 30. c4 Be6 31. Rd6 Bc8 32. Rxc6 Rb8 33. Re1
Bd7 34. Rxa6 Rxb3 35. Rxe5 Rc3 36. Ra7 Kf6 37. Rc5 Ke6 38. Ra6+ Ke7 39. Rc7 Kd8
40. Raa7 Ba4 1-0

[Event "e2e4 Diamond Jubilee Premier"]
[Site "London ENG"]
[Date "2012.06.05"]
[Round "6.10"]
[White "Cobb, James"]
[Black "Lalic, Peter D"]
[Result "1-0"]
[WhiteTitle "IM"]
[WhiteElo "2411"]
[BlackElo "2097"]
[WhiteFideId "1800949"]
[BlackFideId "416711"]
[EventDate "2012.06.02"]

1. d4 Nf6 2. Nf3 g6 3. g3 Bg7 4. Bg2 O-O 5. O-O d6 6. c4 c6 7. Nc3 Nbd7 8. e4 e5
9. h3 Re8 10. Re1 exd4 11. Nxd4 a5 12. Nc2 Qc7 13. Rb1 a4 14. b3 axb3 15. axb3
Ne5 16. Bb2 Qb6 17. Ne3 Rd8 18. Qc2 Nh5 19. Kh2 Bh6 20. Rbd1 Bf8 21. Na4 Qc7 22.
c5 Re8 23. f4 Nd7 24. cxd6 Bxd6 25. Qc3 f6 26. Qc4+ Kg7 27. Qd4 Bxf4 28. gxf4
Qxf4+ 29. Kg1 Qg3 30. Rf1 Ne5 31. Qd2 Be6 32. Bxe5 Qxe5 33. Ng4 Bxg4 34. hxg4
Rad8 35. Qc3 Nf4 36. Qxe5 fxe5 37. Nc5 Ne2+ 38. Kf2 Nd4 39. Nxb7 Rb8 40. Nc5 Rb5
41. Rc1 Ra8 42. Ke3 Ra3 43. Rc3 Ra2 44. Rf2 Raa5 45. Nd3 Rxb3 46. Rxb3 Nxb3 47.
Rc2 Nd4 48. Rc5 Ra2 49. Nxe5 Ne6 50. Rxc6 Kf6 51. Nd3 Rxg2 52. Rxe6+ Kf7 53. Ra6
Rg3+ 54. Kd4 Rg1 55. Ne5+ Kg7 56. Ra7+ Kg8 57. Ra6 Rd1+ 58. Ke3 Rf1 59. Nf3 Kg7
60. g5 Rb1 61. Ra7+ Kg8 62. e5 Rb3+ 63. Ke4 Rb4+ 64. Nd4 1-0

[Event "e2e4 Diamond Jubilee Premier"]
[Site "London ENG"]
[Date "2012.06.05"]
[Round "6.11"]
[White "Astaneh Lopez, Alex"]
[Black "Orishko, Yaroslav"]
[Result "1-0"]
[WhiteTitle "IM"]
[WhiteElo "2402"]
[BlackElo "2080"]
[WhiteFideId "2501430"]
[BlackFideId "14102919"]
[EventDate "2012.06.02"]

1. Nf3 Nf6 2. g3 g6 3. Bg2 Bg7 4. c4 c5 5. O-O Nc6 6. Nc3 O-O 7. d4 cxd4 8. Nxd4
Nxd4 9. Qxd4 d6 10. Qd2 Rb8 11. b3 Bd7 12. Bb2 Bc6 13. e4 Qd7 14. Rfe1 Rbd8 15.
a4 b6 16. a5 b5 17. cxb5 Bxb5 18. Nxb5 Qxb5 19. Bd4 Nh5 20. b4 Bxd4 21. Qxd4 Rd7
22. e5 Ng7 23. Rac1 Ne6 24. Qh4 d5 25. Bf1 Qb8 26. b5 Rfd8 27. Rb1 d4 28. Bh3 d3
29. Bxe6 fxe6 30. Qg4 d2 31. Qxe6+ Kg7 32. Red1 Qb7 33. Qc6 Rb8 34. Qc3 Qd5 35.
Rb2 Rbd8 36. b6 axb6 37. axb6 Qd4 38. Qxd4 Rxd4 39. f4 Kf7 40. Kf2 h5 41. Ke3
Ke6 42. b7 1-0

[Event "e2e4 Diamond Jubilee Premier"]
[Site "London ENG"]
[Date "2012.06.05"]
[Round "6.12"]
[White "Sowray, Peter J"]
[Black "Rizvi, Nasir"]
[Result "1-0"]
[WhiteTitle "FM"]
[WhiteElo "2376"]
[BlackElo "2074"]
[WhiteFideId "400971"]
[BlackFideId "1800540"]
[EventDate "2012.06.02"]

1. d4 f5 2. c4 Nf6 3. Nc3 e6 4. e3 b6 5. Bd3 Bb7 6. f3 Nh5 7. Nh3 Bd6 8. O-O O-O
9. e4 e5 10. dxe5 Bc5+ 11. Kh1 f4 12. Nd5 g5 13. g4 Ng7 14. Nf6+ Rxf6 15. exf6
Qxf6 16. Bd2 Bd4 17. Bc3 Bxc3 18. bxc3 Qe5 19. Be2 Ne6 20. Qd2 a5 21. Rab1 Bc6
22. Nf2 Nc5 23. Kg2 Nba6 24. h4 Na4 25. Rbc1 h6 26. Rh1 Kg7 27. hxg5 hxg5 28.
Rh5 Rh8 29. Qd4 d6 30. Rxg5+ 1-0

[Event "e2e4 Diamond Jubilee Premier"]
[Site "London ENG"]
[Date "2012.06.05"]
[Round "6.13"]
[White "White, Michael J R"]
[Black "Bennett, Dominic L"]
[Result "1-0"]
[WhiteTitle "FM"]
[WhiteElo "2272"]
[BlackElo "2072"]
[WhiteFideId "407380"]
[BlackFideId "416657"]
[EventDate "2012.06.02"]

1. e4 c5 2. Nf3 e6 3. Nc3 a6 4. d4 cxd4 5. Nxd4 Nc6 6. Be3 Nf6 7. Bd3 Bb4 8. O-O
Ne5 9. Kh1 d5 10. Bg5 O-O 11. exd5 Bxc3 12. bxc3 Nxd3 13. cxd3 Qxd5 14. f4 b5
15. Bxf6 gxf6 16. Qg4+ Kh8 17. Qh4 Kg7 18. Rf3 Re8 19. Rg3+ Kf8 20. Qxf6 Bb7 21.
f5 exf5 22. Nxf5 1-0

[Event "e2e4 Diamond Jubilee Premier"]
[Site "London ENG"]
[Date "2012.06.05"]
[Round "6.14"]
[White "Hegarty, Sarah N"]
[Black "Sreeves, Clement"]
[Result "1/2-1/2"]
[WhiteTitle "WFM"]
[WhiteElo "2062"]
[BlackElo "2209"]
[WhiteFideId "2501465"]
[BlackFideId "2402564"]
[EventDate "2012.06.02"]

1. e4 e5 2. Nf3 Nc6 3. Bc4 Nf6 4. d3 Be7 5. O-O O-O 6. Re1 d6 7. c3 Na5 8. Bb5
a6 9. Ba4 b5 10. Bc2 c5 11. Nbd2 Nd7 12. Nf1 Nc6 13. Ng3 Nb6 14. Be3 d5 15. d4
cxd4 16. cxd4 Bg4 17. exd5 Nxd5 18. Qd3 g6 19. Nxe5 Ndb4 20. Qe4 Nxe5 21. dxe5
Nxc2 22. Qxc2 Rc8 23. Qe4 Rc4 24. Qb7 Bc8 25. Qa7 Re8 26. Rec1 Bf8 27. Rxc4 bxc4
28. f4 Qd3 29. Nf1 Rd8 30. Qb6 Rd5 31. Qc6 Bf5 32. Rc1 Rb5 33. Rxc4 Rxb2 34. Rd4
Qe2 35. Rd8 Rb1 36. Rxf8+ Kg7 37. Qf6+ Kh6 38. Qh4+ Kg7 1/2-1/2

[Event "e2e4 Diamond Jubilee Premier"]
[Site "London ENG"]
[Date "2012.06.05"]
[Round "6.15"]
[White "Walton, Alan J"]
[Black "Bhatia, Kanwal K"]
[Result "1-0"]
[WhiteTitle "CM"]
[BlackTitle "WFM"]
[WhiteElo "2179"]
[BlackElo "2064"]
[WhiteFideId "409898"]
[BlackFideId "407496"]
[EventDate "2012.06.02"]

1. d4 Nf6 2. Bg5 Ne4 3. Bf4 c5 4. f3 Nf6 5. d5 Qb6 6. Bc1 d6 7. e4 g6 8. Na3 Bg7
9. Nc4 Qd8 10. a4 O-O 11. Be3 Re8 12. Qd2 Na6 13. Ne2 Rb8 14. Ng3 Nc7 15. Be2 b5
16. axb5 Nxb5 17. O-O a6 18. c3 Qc7 19. Rfd1 Bb7 20. Bh6 Rbd8 21. Nf5 Bxh6 22.
Nxh6+ Kg7 23. Ne3 Bc8 24. Nc2 Qb7 25. g4 e5 26. Ne3 Ng8 27. Nxg8 Rxg8 28. Nc4
Qe7 29. Ne3 h5 30. gxh5 Qg5+ 31. Kh1 Qxh5 32. f4 Qh4 33. Ng2 Qh7 34. fxe5 Rh8
35. Qf4 Kf8 36. Bxb5 dxe5 37. Qxe5 axb5 38. Ra8 Re8 39. Qg3 Kg7 40. Re1 Qh6 41.
Ra7 Rh7 42. Rf1 Kg8 43. d6 Be6 44. Re7 Rd8 45. e5 Qd2 46. Nf4 Bf5 47. Qf2 Qxf2
48. Rxf2 Kg7 49. Kg2 Kf8 50. Kg3 g5 51. Nh5 Bc8 52. Nf6 Rh3+ 53. Kg2 Rh4 54. Nd5
Rh7 55. Kg1 c4 56. Nc7 Bd7 57. e6 Bc6 58. Rfxf7+ Rxf7 59. Rxf7+ Kg8 60. d7 1-0

[Event "e2e4 Diamond Jubilee Premier"]
[Site "London ENG"]
[Date "2012.06.05"]
[Round "6.16"]
[White "Martinsen, Stig K"]
[Black "Thompson, Robert"]
[Result "1-0"]
[WhiteElo "2169"]
[BlackElo "1965"]
[WhiteFideId "1502824"]
[BlackFideId "417513"]
[EventDate "2012.06.02"]

1. d4 Nf6 2. c4 g6 3. Nc3 Bg7 4. e4 d6 5. f4 O-O 6. Nf3 c5 7. d5 e6 8. dxe6 fxe6
9. Bd3 Kh8 10. O-O d5 11. e5 Ng8 12. Nb5 Nh6 13. Ng5 Nf7 14. Nxh7 Kxh7 15. Qh5+
Kg8 16. Bxg6 Nh6 17. f5 Rxf5 18. Rxf5 Nxf5 19. Bg5 Qb6 20. Nd6 Nxd6 21. Be7 1-0

[Event "e2e4 Diamond Jubilee Premier"]
[Site "London ENG"]
[Date "2012.06.05"]
[Round "6.17"]
[White "Batchelor, Peter J"]
[Black "Talbot, Andrew R"]
[Result "1-0"]
[WhiteElo "2050"]
[BlackElo "2158"]
[WhiteFideId "424854"]
[BlackFideId "410403"]
[EventDate "2012.06.02"]

1. Nf3 Nf6 2. d4 g6 3. g3 Bg7 4. Bg2 O-O 5. c4 d6 6. Nc3 Nc6 7. O-O Bg4 8. e4 e5
9. d5 Nd4 10. Be3 Nd7 11. Bxd4 exd4 12. Ne2 f5 13. exf5 Rxf5 14. Nf4 g5 15. Ne6
Qf6 16. Nexd4 Rxf3 17. Bxf3 Bh3 18. Ne6 Bxf1 19. Kxf1 Ne5 20. Be2 c5 21. Kg2 Qf5
22. Rc1 Re8 23. Qc2 Qf6 24. Qe4 Re7 25. Rf1 Bh6 26. b3 Rf7 27. f4 gxf4 28. Nxf4
Bxf4 29. Rxf4 Qg6 30. Qxg6+ hxg6 31. Rxf7 Kxf7 32. Kf2 Kf6 33. Ke3 Kf5 34. h3
Kg5 35. Ke4 Kf6 36. Kf4 g5+ 37. Ke3 Kf5 38. Bd3+ Kf6 39. Bh7 Kg7 40. Bf5 Kf6 41.
Ke4 b6 42. h4 gxh4 43. gxh4 a5 44. Kf4 Nf7 45. h5 Ne5 46. h6 Nf7 47. h7 Nh8 48.
Bc2 Nf7 49. Ke4 Kg5 50. Kd3 Kf4 51. Kc3 Ke3 52. Bg6 Nh8 53. Bh5 Ke4 54. Be8 Ke3
55. a3 Ke4 56. b4 axb4+ 57. axb4 Ke5 58. bxc5 bxc5 59. Kb3 Kd4 60. Bb5 Ke5 61.
Ka4 Kf6 62. Be8 Ke7 63. Bh5 Kd7 64. Ka5 1-0

[Event "e2e4 Diamond Jubilee Premier"]
[Site "London ENG"]
[Date "2012.06.05"]
[Round "6.18"]
[White "Foo, William J"]
[Black "Jaunooby, Ali R"]
[Result "1-0"]
[WhiteElo "1959"]
[BlackElo "2158"]
[WhiteFideId "419753"]
[BlackFideId "413291"]
[EventDate "2012.06.02"]

1. e4 g6 2. d4 c5 3. Nf3 Bg7 4. dxc5 Qa5+ 5. c3 Qxc5 6. Na3 Bxc3+ 7. bxc3 Qxc3+
8. Qd2 Qxa1 9. Nb5 Nc6 10. Nc7+ Kd8 11. Nxa8 d6 12. Bb5 Be6 13. Bxc6 bxc6 14.
Nd4 Kd7 15. Nxe6 fxe6 16. O-O Nf6 17. Qb4 Rd8 18. Bb2 1-0

[Event "e2e4 Diamond Jubilee Premier"]
[Site "London ENG"]
[Date "2012.06.05"]
[Round "6.19"]
[White "Croad, Nicolas"]
[Black "Armstrong, Malcolm J"]
[Result "1/2-1/2"]
[WhiteTitle "FM"]
[WhiteElo "2334"]
[BlackElo "2040"]
[WhiteFideId "4300793"]
[BlackFideId "409049"]
[EventDate "2012.06.02"]

1. d4 e6 2. c4 Bb4+ 3. Nd2 c5 4. dxc5 Nf6 5. Nf3 O-O 6. g3 Bxc5 7. Bh3 b6 8. O-O
Bb7 9. b3 Qe7 10. a3 a5 11. Bb2 d5 12. Qc2 Nbd7 13. Rfc1 Rac8 14. Qb1 dxc4 15.
bxc4 Rfd8 16. e3 h6 17. Bg2 Rc7 18. Qa2 Ne4 19. Nb3 e5 20. Rd1 a4 21. Nxc5 Nexc5
22. Nxe5 Bxg2 23. Kxg2 Nb3 24. Rab1 Nxe5 25. Rxd8+ Qxd8 26. Bxe5 Rxc4 27. Qe2
Qd5+ 28. Kg1 Nd2 29. Rd1 Rc2 30. e4 Qxe5 31. Rxd2 Rxd2 32. Qxd2 b5 33. Qb4 g5
34. h3 Kg7 35. Kg2 f5 36. exf5 Qxf5 37. Qe7+ Kg6 38. Qe8+ Kg7 39. Qe7+ Kg6 40.
h4 gxh4 41. Qxh4 Qd5+ 42. Kg1 Qd1+ 43. Kg2 Qd5+ 44. Kg1 1/2-1/2

[Event "e2e4 Diamond Jubilee Premier"]
[Site "London ENG"]
[Date "2012.06.05"]
[Round "6.20"]
[White "Stewart, Ashley"]
[Black "Burrows, Martin P"]
[Result "1/2-1/2"]
[WhiteElo "1994"]
[BlackElo "2134"]
[WhiteFideId "419001"]
[BlackFideId "409057"]
[EventDate "2012.06.02"]

1. d4 e6 2. c4 Nf6 3. Nf3 b6 4. g3 Ba6 5. Qa4 c5 6. dxc5 Bxc5 7. Bg2 Bb7 8. O-O
O-O 9. Nc3 a6 10. Bf4 Be7 11. Rfd1 d6 12. Qa3 d5 13. Qb3 Nbd7 14. cxd5 Nc5 15.
Qc2 exd5 16. Rac1 Rc8 17. Qb1 b5 18. e3 Qb6 19. Be5 Ncd7 20. Bd4 Qa5 21. Ne2
Rfd8 22. Rxc8 Rxc8 23. Ne5 Nf8 24. Nf4 b4 25. Ned3 N8d7 26. Ne5 Nc5 27. Bxc5
Rxc5 28. Nfd3 Rc7 29. Rc1 Bd6 30. Rxc7 Qxc7 31. Nf3 g6 32. Nd4 h5 33. Qc2 Qb6
34. Qa4 Kg7 35. Nf4 Be5 36. Qd1 Kg8 37. Qd3 Kf8 38. Nde6+ Ke7 39. Nd4 Qc7 40.
Nfe2 Ne4 41. Qb3 Bd6 42. Qc2 Qd7 43. Nb3 Kf8 44. Nd2 Nf6 45. Nb3 Qe7 46. Qd2 Qc7
47. Ned4 Kg7 48. Qc2 Qb6 49. Nd2 a5 50. Bf1 Nd7 51. Qd3 Be5 52. N2f3 Bf6 53. Qb5
Qxb5 1/2-1/2

[Event "e2e4 Diamond Jubilee Premier"]
[Site "London ENG"]
[Date "2012.06.05"]
[Round "6.21"]
[White "Josse, Mark"]
[Black "Cafolla, Peter"]
[Result "1-0"]
[WhiteElo "2131"]
[BlackElo "1995"]
[WhiteFideId "414476"]
[BlackFideId "2500884"]
[EventDate "2012.06.02"]

1. e4 c5 2. Nf3 Nc6 3. Nc3 e5 4. Bc4 Be7 5. d3 Nf6 6. Nd2 d6 7. Nf1 Be6 8. Ne3
a6 9. a4 Nd4 10. Ncd5 Nxd5 11. Nxd5 Rb8 12. O-O b5 13. axb5 axb5 14. Ba2 Qd7 15.
c3 Nc6 16. f4 exf4 17. Nxf4 O-O 18. Nxe6 fxe6 19. Rxf8+ Bxf8 20. Qg4 Re8 21. Be3
Ne5 22. Qe2 Be7 23. d4 cxd4 24. cxd4 Ng6 25. Bb3 Bd8 26. Ra6 Qb7 27. Rxd6 Qxe4
28. Bc2 Qh4 29. g3 Qh3 30. Bf2 Bc7 31. Rc6 Nh4 32. Bxh7+ Kh8 33. Be4 Ra8 34.
Qh5+ Kg8 35. Qh7+ 1-0

[Event "e2e4 Diamond Jubilee Premier"]
[Site "London ENG"]
[Date "2012.06.05"]
[Round "6.22"]
[White "O'Donnell, Conor"]
[Black "Pace, Colin"]
[Result "1-0"]
[BlackTitle "CM"]
[WhiteElo "1860"]
[BlackElo "2128"]
[WhiteFideId "2504243"]
[BlackFideId "5600189"]
[EventDate "2012.06.02"]

1. e4 c5 2. Nc3 g6 3. f4 Bg7 4. Nf3 Nc6 5. Bb5 d6 6. Bxc6+ bxc6 7. d3 Nf6 8. O-O
Bg4 9. Qe1 Qd7 10. Nh4 h6 11. h3 Be6 12. f5 gxf5 13. exf5 Bd5 14. Nb1 c4 15. Nd2
c5 16. Nxc4 Bxc4 17. dxc4 O-O 18. g4 Rab8 19. c3 Kh8 20. Ng2 Ng8 21. Qh4 e6 22.
f6 1-0

[Event "e2e4 Diamond Jubilee Premier"]
[Site "London ENG"]
[Date "2012.06.05"]
[Round "6.23"]
[White "Pena Torres, Jose Carlos"]
[Black "Moss, Guy"]
[Result "0-1"]
[WhiteElo "2105"]
[BlackElo "1888"]
[WhiteFideId "2206617"]
[BlackFideId "2804620"]
[EventDate "2012.06.02"]

1. e4 c5 2. Nf3 d6 3. d4 cxd4 4. Nxd4 Nf6 5. Nc3 Nc6 6. Be2 e6 7. O-O Be7 8. Kh1
O-O 9. f4 Bd7 10. Ndb5 Be8 11. a4 a6 12. Na3 d5 13. e5 Nd7 14. Rf3 f6 15. Nxd5
exd5 16. Qxd5+ Kh8 17. e6 Nb6 18. Qa2 Nb4 19. Qb3 Bxa4 20. Qe3 Nxc2 21. Nxc2
Bxc2 22. Bd2 Nd5 23. Qd4 Bf5 24. Bc4 Nb6 0-1